Staaten der Erde mit Hauptstädten - Statistiken

Allgemein
  • Dieses Quiz wurde 23 mal gespielt
  • Das Durchschnittsergebnis liegt bei 99 aus 205
Antwortstatistiken
Antwort % Korrekt
Argentinien Buenos Aires
94%
Irland Dublin
94%
Norwegen Oslo
94%
Schweden Stockholm
94%
Brasilien Brasília
89%
Dänemark Kopenhagen
89%
Italien Rom
89%
Japan Tokio
89%
Kroatien Zagreb
89%
Österreich Wien
89%
Polen Warschau
89%
Portugal Lissabon
89%
Russland Moskau
89%
Schweiz Bern
89%
Spanien Madrid
89%
Südkorea Seoul
89%
Tschechien Prag
89%
Deutschland Berlin
83%
Finnland Helsinki
83%
Frankreich Paris
83%
Griechenland Athen
83%
Kanada Ottawa
83%
Ukraine Kiew
83%
Ungarn Budapest
83%
Belgien Brüssel
78%
Bulgarien Sofia
78%
Island Reykjavík
78%
Luxemburg Luxemburg
78%
Monaco Monaco
78%
Niederlande Amsterdam
78%
Slowakei Bratislava
78%
Tunesien Tunis
78%
Türkei Ankara
78%
Vereinigtes Königreich London
78%
Ägypten Kairo
72%
Australien Canberra
72%
Bahamas Nassau
72%
Chile Santiago de Chile
72%
Kolumbien Bogotá
72%
Mexiko Mexiko-Stadt
72%
Peru Lima
72%
San Marino San Marino
72%
Uruguay Montevideo
72%
Vatikanstadt Vatikanstadt
72%
Afghanistan Kabul
67%
Albanien Tirana
67%
Algerien Algier
67%
Belarus Minsk
67%
Ecuador Quito
67%
Georgien Tiflis
67%
Indien Neu-Delhi
67%
Jamaika Kingston
67%
Kenia Nairobi
67%
Kuba Havanna
67%
Lettland Riga
67%
Marokko Rabat
67%
Neuseeland Wellington
67%
Panama Panama-Stadt
67%
Rumänien Bukarest
67%
Venezuela Caracas
67%
Vietnam Hanoi
67%
Andorra Andorra la Vella
61%
Armenien Jerewan
61%
El Salvador San Salvador
61%
Guatemala Guatemala-Stadt
61%
Irak Bagdad
61%
Iran Teheran
61%
Israel Jerusalem
61%
Kosovo Pristina
61%
Libanon Beirut
61%
Liechtenstein Vaduz
61%
Litauen Vilnius
61%
Malta Valletta
61%
Nordkorea Pjöngjang
61%
Pakistan Islamabad
61%
Paraguay Asunción
61%
Slowenien Ljubljana
61%
Thailand Bangkok
61%
Zypern Nikosia
61%
Äthiopien Addis Abeba
56%
Costa Rica San José
56%
Estland Tallinn
56%
Jemen Sanaa
56%
Jordanien Amman
56%
Libyen Tripolis
56%
Malediven Malé
56%
Nepal Kathmandu
56%
Nordmazedonien Skopje
56%
Saudi-Arabien Riad
56%
Serbien Belgrad
56%
Somalia Mogadischu
56%
Syrien Damaskus
56%
Vereinigte Staaten von Amerika Washington D.C.
56%
Bangladesch Dhaka
50%
Dschibuti Dschibuti
50%
Kuwait Kuwait
50%
Malaysia Kuala Lumpur
50%
Namibia Windhoek
50%
Nicaragua Managua
50%
Senegal Dakar
50%
Singapur Singapur
50%
Trinidad und Tobago Port of Spain
50%
Angola Luanda
44%
Aserbaidschan Baku
44%
Bolivien Sucre
44%
Demokratische Republik Kongo Kinshasa
44%
Dominikanische Republik Santo Domingo
44%
Ghana Accra
44%
Guinea-Bissau Bissau
44%
Honduras Tegucigalpa
44%
Kasachstan Astana
44%
Madagaskar Antananarivo
44%
Moldau Chișinău
44%
Mongolei Ulaanbaatar
44%
Ruanda Kigali
44%
Sierra Leone Freetown
44%
Belize Belmopan
39%
Dominica Roseau
39%
Kambodscha Phnom Penh
39%
Laos Vientiane
39%
Mali Bamako
39%
Montenegro Podgorica
39%
Nigeria Abuja
39%
Oman Maskat
39%
Osttimor Dili
39%
Papua-Neuguinea Port Moresby
39%
Philippinen Manila
39%
Seychellen Victoria
39%
Sudan Khartum
39%
Südsudan Juba
39%
Uganda Kampala
39%
Usbekistan Taschkent
39%
Vereinigte Arabische Emirate Abu Dhabi
39%
Bosnien und Herzegowina Sarajevo
33%
Botswana Gaborone
33%
Burkina Faso Ouagadougou
33%
Eritrea Asmara
33%
Fidschi Suva
33%
Haiti Port-au-Prince
33%
Kamerun Yaoundé
33%
Katar Doha
33%
Komoren Moroni
33%
Mauritius Port Louis
33%
Mosambik Maputo
33%
Republik Kongo Brazzaville
33%
Südafrika Pretoria
33%
Tansania Dodoma
33%
Barbados Bridgetown
28%
Gabun Libreville
28%
Gambia Banjul
28%
Guyana Georgetown
28%
Liberia Monrovia
28%
Malawi Lilongwe
28%
Samoa Apia
28%
São Tomé und Príncipe São Tomé
28%
Suriname Paramaribo
28%
Togo Lomé
28%
Vanuatu Port Vila
28%
Antigua und Barbuda Saint John’s
22%
Äquatorialguinea Malabo
22%
Bahrain Manama
22%
Benin Porto-Novo
22%
Bhutan Thimphu
22%
Brunei Bandar Seri Begawan
22%
Burundi Gitega
22%
Eswatini Mbabane
22%
Guinea Conakry
22%
Kap Verde Praia
22%
Kiribati South Tarawa
22%
Lesotho Maseru
22%
Myanmar Naypyidaw
22%
Niger Niamey
22%
Sambia Lusaka
22%
Simbabwe Harare
22%
St. Kitts und Nevis Basseterre
22%
St. Lucia Castries
22%
St. Vincent und die Grenadinen Kingstown
22%
Tadschikistan Duschanbe
22%
Tschad N’Djamena
22%
Turkmenistan Aşgabat
22%
Tuvalu Funafuti
22%
Elfenbeinküste Yamoussoukro
17%
Grenada St. George’s
17%
Kirgisistan Bischkek
17%
Marshallinseln Majuro
17%
Mauretanien Nouakchott
17%
Mikronesien Palikir
17%
Nauru Yaren
17%
Palau Ngerulmud
17%
Republik China Taipeh
17%
Salomonen Honiara
17%
Sri Lanka Sri Jayewardenepura Kotte
17%
Tonga Nukuʻalofa
17%
Volksrepublik China Peking
17%
Zentralafrikanische Republik Bangui
17%
Palästina Ostjerusalem
11%
Cookinseln Avarua
6%
Indonesien Nusantara
6%
Niue Alofi
6%
Nordzypern Nord-Nikosia
6%
Abchasien Sochumi
0%
Somaliland Hargeysa
0%
Südossetien Zchinwali
0%
Transnistrien Tiraspol
0%
Westsahara El Aaiún
0%
Keine übereinstimmenden Quizze gefunden
Verteilung der Resultate
Anzahl Personen mit jedem Resultat
Perzentil nach korrekt beantworteten Fragen
Ihre Resultats-Entwicklung
Sie haben dieses Quiz noch nicht gespielt